| 000 | 01224nam a2200301 i 4500 | ||
|---|---|---|---|
| 001 | bg | ||
| 100 | 1 | _aSowiński, Bogdan. | |
| 245 | 0 |
_aZagadnienia aproksymacji i dyskretyzacji w badaniach symulacyjnych dynamiki toru i pojazdu szynowego / _cBogdan Sowiński. |
|
| 246 | 0 | 1 |
_iTyt. równol. : _aZagadnienia aproksymacji i dyskretyzacji w badaniach symulacyjnych dynamiki toru i pojazdu szynowego |
| 260 |
_aWarszawa : _bOficyna Wydawnicza Politechniki Warszawskiej, _c2007. |
||
| 300 |
_a193 s. : _bwykr. ; _c24 cm |
||
| 490 | 1 |
_aPrace Naukowe / Politechnika Warszawska. Transport, _x1230-9265 ; _vz. 59 |
|
| 500 | _aOpis wg okł. Odm. tyt. serii w nagł. : Prace Naukowe Politechniki Warszawskiej. | ||
| 504 | _aBibliogr. s. 180-191. | ||
| 546 | _aStreszcz. ang. | ||
| 650 | 9 |
_aPojazdy szynowe _xbadanie |
|
| 650 | 9 |
_aSzyny kolejowe _xdynamika _xbadanie |
|
| 650 | 9 |
_aSymulacja _xstosowanie |
|
| 650 | 9 |
_aAproksymacja _xstosowanie |
|
| 830 | 0 |
_aPrace Naukowe - Politechnika Warszawska. _pTransport, _x1230-9265 ; _vz. 59 |
|
| 040 | _cBPK | ||
| 041 | 0 |
_apol _beng |
|
| 044 | _aPOL | ||
| 080 | _a625.143:629.4]:531:519.65:519.876.5 | ||
| 942 | _cKS | ||
| 008 | s pl f |000 0 pol | ||
| 999 |
_c54175 _d54175 |
||
| 856 |
_uhttp://koha.tu.koszalin.pl/cgi-bin/koha/opac-detail.pl?biblionumber=54175 _yKatalog online BPK |
||